000 01258nam a2200445 a 4500
003 AR-BaBNM
005 20251128210510.0
008 082120s2002 ||||||||||||||000 | spa||
020 _a987-506-033-X
040 _cAR-BaBNM
100 1 _aGlassner, Martín Ira
245 0 0 _aGeografía política
_bestado, imperialismo, colonización y descolonización
250 _a2ª ed.
260 _aBuenos Aires
_bFundación Hernandarias
_c2000
300 _a496 p.
_bmapas, gráfs., tablas, il.
490 0 _aUniversitas
_vv. 1857
504 _aContiene bibliografía para consultar
650 4 _aGEOGRAFIA POLITICA
650 4 _aZONAS GEOGRAFICAS Y PAISES
650 4 _aCULTURA
650 4 _aGEOGRAFIA HUMANA
650 4 _aGEOGRAFIA HISTORICA
650 4 _aFRONTERAS
650 4 _aSISTEMAS POLITICOS
650 4 _aCIUDADES
650 4 _aCIUDADES ANTIGUAS
650 4 _aESTADO
650 4 _aCONSTRUCCION DE LA NACION
650 4 _aNACION
650 4 _aIMPERIALISMO
650 4 _aCOLONIZACION
650 4 _aDESCOLONIZACION
651 4 _aEstados Unidos
651 4 _aAmérica del Sur
651 4 _aAmérica del Norte
651 4 _aAmérica Central
700 1 _aAlvarez, Stella
_etraductor
942 _cBK
998 _cMariana
999 _c15694
_d15694